01731nam a22001457a 4500003000900000005001700009008004100026040001300067100003000080245017700110260003300287300001800320490006800338520117900406IT-RoPau20220918181219.0140226b xxu||||| |||| 00| 0 eng d cIT-RoPau aGoverno Generale della FP aLaicos consagrados y cooperadores en la Familia PaulinabSintesis de Actas Y Documentos de los encuentros VI-VIII (1988-90) de los Gobiernos generales de la Familia Paulina aRomabCasa General SSPc1990 a52 pp.c21 cm aEdiciones del Archivo Histórico General de la Familia Paulina aIndice VIIII Encuentro de los Gobiernos generales de la Familia Paulina I etapa Retiro espiritual animado por Mons. Pietro Rossano 1. Qué significa cooperar o colaborar con el Evangelio 2. Cómo comunica san Pablo el Evangelio 3. Quién está llamado a difundir el Evangelio 4. Colaboradores de san Pablo Homilía en la Misa II etapa A. Síntesis de los Encuentros Vi y VII I. Síntesis de las relaciones del VI Encuentro (1988) a. El aspecto de la actualidad eclesial b. La figura jurídico-teológica del laico c. El laico en la Iglesia y en la sociedad II. Síntesis de las relaciones del VII Encuentro (1989) d. La veta histórico-paulina: los protagonistas testimonian e. La praxis congregacional en la relación con los laicos f. Pensamiento y praxis del P. Alberione g. Laicos e Intitutos religiosos h. Institutos laicales, Cooperadores y colaboradores i. Documento-mensaje del VIII Encuentro de los Gobiernos generales de la Familia Paulina (1989) B. Presentación del dossier "Laicos y Familia Paulina" (1990) III. etapa Trabajos de grupo y en Asamblea Documento final - mensaje del VIII Encuentro de los Gobiernos generalies de la Familia Paulina